| 000 | 00382nam a2200121Ia 4500 | ||
|---|---|---|---|
| 008 | 230907s9999||||xx |||||||||||||| ||und|| | ||
| 082 |
_a808.06615 _bPER |
||
| 100 |
_aPerrin, Robert, _9116110 |
||
| 245 | 0 | _aPocket guide to APA style / | |
| 300 | _aviii, 181 pages : | ||
| 650 |
_aStyle manuals. Style manuals. Handbooks, manuals, etc. Handbooks, manuals, etc. _9116111 |
||
| 942 | _cBK | ||
| 999 |
_c601082 _d601082 |
||